Total quality environmental management : an ISO 14000 approach

Αποθηκεύτηκε σε:
Λεπτομέρειες βιβλιογραφικής εγγραφής
Κύριος συγγραφέας: Bhat, Vasanthakumar N.
Μορφή: Βιβλίο
Γλώσσα:English
Δημοσίευση: Wetport : Quorum Books, 1998
Θέματα:
Ετικέτες: Προσθήκη ετικέτας
Δεν υπάρχουν, Καταχωρήστε ετικέτα πρώτοι!

MARC

LEADER 00000nam a2200000 i 4500
001 1/96292
008 991215s1998 eng d
020 |a 1-56720-097-4 
035 |l 10055705 
040 |a GR-MY-UA  |b gre  |e aacr 
041 0 |a eng 
082 0 |a 658.408 
100 1 |a Bhat, Vasanthakumar N. 
245 1 0 |a Total quality environmental management :  |b an ISO 14000 approach /  |c Vasanthakumar N. Bhat 
260 |a Wetport :   |b Quorum Books,   |c 1998 
300 |a 271 p. 
504 |a Includes bibliographical references and index 
650 0 0 |a Production management  |x Environmental aspects. 
650 0 0 |a ISO 14000 Series Standards. 
650 0 0 |a Total quality management. 
650 0 0 |a Industrial management  |x Environmental aspects. 
650 0 0 |a Environmental auditing. 
852 |a INST  |b LESVOS  |e 19991215  |h 658.408 BHA  |p 005100022594  |q 005100022594  |t BK  |y 0 
901 |a BIBL1-2000-1 
909 |a Λ  |b 071592 
922 |a 1ΕΛΗ  |b 199912  |c ΚΠΣ/ΠΜΣ  |d ΠΑΠΑΣΩΤΗΡΙΟΥ 
950 |a 157-1999-06-09 
970 |a ΚΑΜΑΤΣΟΥ  |b ΔΕΣΠΟΙΝΑ  |z 2000/01/13